Catalog

Record Details

Catalog Search



Fearfully and wonderfully made /  Cover Image Book Book

Fearfully and wonderfully made /  Paul Brand and Philip Yancey ; illustrated by Charles Shaw

Brand, Paul (Author). Yancey, Philip (Added Author).

Record details

  • ISBN: 0-310-35451-x
  • Physical Description: 214 s.
  • Edition: 1st ed.
  • Publisher: Grand Rapids, Michigan : Zondervan Publishing House ,  1987

Available copies

  • 1 of 1 copy available at Common Catalog SPOK.

Holds

  • 0 current holds with 1 total copy.
Show Only Available Copies
Location Call Number / Copy Notes Barcode Shelving Location Status Due Date
ETS Library 262 424470003160 Volný výběr Available -

LDR 00726nam a2 00253
00136369
003CZ-PrJAB
00520201012090945.0
008030526s1987 xxu e |||| |eng
009us
020 . ‡a0-310-35451-x
035 . ‡a(CONS)2794
035 . ‡aKPS2328
041 . ‡aeng
08214. ‡a262
100 . ‡7517 ‡aBrand, Paul
245 . ‡aFearfully and wonderfully made /  ‡cPaul Brand and Philip Yancey ; illustrated by Charles Shaw
250 . ‡a1st ed.
260 . ‡aGrand Rapids, Michigan : ‡bZondervan Publishing House ,  ‡c1987
300 . ‡a214 s.
653 . ‡aFearfully and wonderfully made
700 . ‡7518 ‡aYancey, Philip
8524 . ‡bETS ‡bETS ‡cVolný výběr ‡j262 ‡gA ‡p424470003160
910 . ‡aABG450
999 . ‡a2794 ‡bAUTOGEN ‡c2794 ‡tbiblio
905 . ‡uadmin
901 . ‡a36369 ‡bCZ-PrJAB ‡c36369 ‡tbiblio ‡sets

Additional Resources